Motivace a úspěšný nábor

V nábore sa presadzuje odbornosť, kreativita a etické chovanie. Neplytvajme ľuďmi. Žiadaní a zatracovaní absolventi. Uchádzačov priťahuje dobrá značka. Zamestnancov motivuje šanca rozvoja a otvorená komunikácia. Ulovte si svojho študenta. Ako neodradiť kandidátov.

Gespeichert in:
Bibliographische Detailangaben
Format: Buchkapitel
Sprache:Tschechisch
Schlagworte:
Tags: Tag hinzufügen
Keine Tags, Fügen Sie das erste Tag hinzu!

MARC

LEADER 00000naa$a2200000$$$4500
001 0076701
005 20231019114319.8
041 0 |a cze 
044 |a CZ 
245 1 0 |a Motivace a úspěšný nábor 
520 |a V nábore sa presadzuje odbornosť, kreativita a etické chovanie. Neplytvajme ľuďmi. Žiadaní a zatracovaní absolventi. Uchádzačov priťahuje dobrá značka. Zamestnancov motivuje šanca rozvoja a otvorená komunikácia. Ulovte si svojho študenta. Ako neodradiť kandidátov. 
610 2 0 |a nábor pracovníkov 
610 2 0 |a motivácia pracovná 
610 2 0 |a absolventi 
610 2 0 |a študenti 
610 2 0 |a odbornosť 
610 2 0 |a kreativita 
610 2 0 |a etika 
610 2 0 |a komunikácia